| 000 | 00774nam a2200205 a 4500 | ||
|---|---|---|---|
| 003 | 0 | ||
| 005 | 20250411115314.0 | ||
| 008 | 970101s19uu xx 00 eng d | ||
| 050 |
_aPGS GT 2110 _b.Ok41 2004 |
||
| 100 | _aOkawa, Kristine Marie A. | ||
| 245 |
_aPerceptions of grade 6 students on having a prescribed school uniform / _cKristine Marie A. Okawa. |
||
| 260 |
_aLas PiƱas City, Philippines : _bSouthville International School and Colleges, _c2004. |
||
| 300 |
_a18 pages : _billustrations ; _c28 cm. |
||
| 504 | _aIncludes bibliographical references. | ||
| 650 | _aSchool uniforms. | ||
| 650 |
_aClothing and dress _vSocial aspects. |
||
| 650 |
_aElementary school students _vAttitudes. |
||
| 650 |
_a School children _vAttitudes. |
||
| 942 |
_2lcc _cPASS |
||
| 999 |
_c97034 _d97034 |
||